Bugs and Slug / (Record no. 49418)
| 000 -LEADER | |
|---|---|
| fixed length control field | 00599nam a2200157 4500 |
| 020 ## - INTERNATIONAL STANDARD BOOK NUMBER | |
| International Standard Book Number | 9780746027738 |
| 100 ## - MAIN ENTRY--PERSONAL NAME | |
| Personal name | Tatchell, Judy, |
| Relator term | author. |
| 9 (RLIN) | 43065 |
| 245 ## - TITLE STATEMENT | |
| Title | Bugs and Slug / |
| Remainder of title | An Usborne Lift-The-Flap Book. |
| Statement of responsibility, etc | by Judy Tatchell, Illustrated by Justine Torode. |
| 260 ## - PUBLICATION, DISTRIBUTION, ETC. (IMPRINT) | |
| Place of publication, distribution, etc | England ; |
| Name of publisher, distributor, etc | Usborne ; |
| Date of publication, distribution, etc | 1999. |
| 300 ## - PHYSICAL DESCRIPTION | |
| Extent | 16 pages. |
| 490 ## - SERIES STATEMENT | |
| Series statement | Life-The-Flap Learners Series |
| 500 ## - GENERAL NOTE | |
| General note | Young readers can learn about the diet, habitat, and behavior of butterflies, snails, spiders, and worms in this lift-the-flap book. |
| 650 ## - SUBJECT ADDED ENTRY--TOPICAL TERM | |
| 9 (RLIN) | 68181 |
| Topical term or geographic name as entry element | Bugs. |
| 650 ## - SUBJECT ADDED ENTRY--TOPICAL TERM | |
| 9 (RLIN) | 18130 |
| Topical term or geographic name as entry element | Insects. |
| 942 ## - ADDED ENTRY ELEMENTS (KOHA) | |
| Source of classification or shelving scheme | |
| Koha item type | Book |
| Withdrawn status | Lost status | Source of classification or shelving scheme | Damaged status | Not for loan | Home library | Current library | Date acquired | Total Checkouts | Full call number | Barcode | Date last seen | Price effective from | Koha item type |
|---|---|---|---|---|---|---|---|---|---|---|---|---|---|
| Logos International School | Logos International School | 08/25/2025 | J 595.7 TAT | 042902 | 08/27/2025 | 08/25/2025 | Book |